000 00404nam a2200181Ia 4500
005 20240823022850.0
008 240823s9999||||xx |||||||||||||| ||und||
041 _aENGLISH
082 _A530 L3
100 _a"Kittel,Charles [etal]"
245 0 _aMechanics
250 _a1st
260 _c1973
_b"MGH,New Delhi"
500 _aYES
650 _aMechanics
_bPhysics
942 _cBK
999 _c180182
_d180182